000 00500nam a2200181Ia 4500
005 20250326124148.0
008 250326s9999 xx 000 0 und d
037 _aTextbook
040 _aFMSL
_beng
_cFMSL
041 _aeng
_2eng
084 _aX:51 L5;1
_qFMSL
100 _aKotler P
245 0 _aMarketing for nonprofit organizations
_cKotler P
260 _aNew Jersey
_bNew Jersey, Prentice-Hall
_c1975
300 _a436p
942 _cTB
_hX:51 L5;1
999 _c1272546
_d1272546